000 00938nam a2200289 c 4500
003 BLK
005 20241216125747.0
008 180411b bul|||||r ||||||| ||bul||
010 _aKNG00193496000
040 _aBLK
041 _aBUL
_cBUL
080 _aБългарска литература
_b821.163.2
_x-1
_z821.163.2-1
100 1 _aДобрев, Чавдар Атанасов
_963619
139 _aДобрев, Чавдар Атанасов
_bД 66
245 1 0 _aОкосена болка
_bСтихотворения
_cЧавдар Атанасов Добрев.
257 _aBGR
260 София
_bНар. младеж
_c1983
300 _a128 с.
_c21 см
380 _aX
500 _a1 000 тир.
852 _aЦб 123477
856 4 _qpdf
_u
856 4 _qpdf
_u
942 _cKNG
_n0
944 _aCR
_c18.10.2016
_k30560
_lГеновева Генчева
944 _aED
_c18.10.2016
_kГрета_Цуфелде
999 _c184531
_d184531